| 000 | 00690nam a2200241Ia 4500 | ||
|---|---|---|---|
| 003 | OSt | ||
| 005 | 20220916111038.0 | ||
| 006 | a|||||r|||| 00| 0 | ||
| 007 | ta | ||
| 008 | 220915b |||||||| |||| 00| 0 eng d | ||
| 024 | _a155068 | ||
| 037 | _cTextbook | ||
| 040 |
_beng _aARTS _cARTS |
||
| 041 | _aeng | ||
| 082 | _aY31:(J3).2130m654, M2 | ||
| 100 | _aHill Polly | ||
| 245 | 0 | _aDry grain farming families : Hausaland (Nigeria) and Karnataka (India) compared | |
| 260 |
_aCambridge _bCambridge University Press |
||
| 300 |
_axvi, 322p. _ccm. |
||
| 650 | _aSOCIOLOGY | ||
| 942 |
_hY31:(J3).2130m654, M2 _cTB _2CC |
||
| 999 |
_c104410 _d104410 |
||